Modern Economic Theory (Record no. 311880)
[ view plain ]
| 000 -LEADER | |
|---|---|
| fixed length control field | 00389nam a2200157Ia 4500 |
| 008 - FIXED-LENGTH DATA ELEMENTS--GENERAL INFORMATION | |
| fixed length control field | 230718s9999 xx 000 0 und d |
| 041 ## - LANGUAGE CODE | |
| Language code of text/sound track or separate title | eng |
| 082 ## - DEWEY DECIMAL CLASSIFICATION NUMBER | |
| Classification number | 330.2 |
| Item number | DEW |
| 100 ## - MAIN ENTRY--PERSONAL NAME | |
| Personal name | Dewett K.K. |
| 9 (RLIN) | 109237 |
| 245 ## - TITLE STATEMENT | |
| Title | Modern Economic Theory |
| 260 ## - PUBLICATION, DISTRIBUTION, ETC. (IMPRINT) | |
| Date of publication, distribution, etc. | 2005 |
| Name of publisher, distributor, etc. | S.Chand |
| 300 ## - PHYSICAL DESCRIPTION | |
| Extent | 558 |
| 365 ## - TRADE PRICE | |
| Currency code | Rs. |
| Price amount | 350.00 |
| 700 ## - ADDED ENTRY--PERSONAL NAME | |
| Personal name | Dewett K.K. |
| 9 (RLIN) | 109237 |
| 906 ## - LOCAL DATA ELEMENT F, LDF (RLIN) | |
| d | 2536/29.12.2005 |
| c | OTH |
| b | 52.5 |
| Withdrawn status | Lost status | Damaged status | Not for loan | Home library | Current library | Date acquired | Vendor | Budget Code | Cost, normal purchase price | Bill number | Total Checkouts | Full call number | Barcode | Date last seen | Date last checked out | Discount | Cost, replacement price | Bill Date | Koha item type | Original Barcode |
|---|---|---|---|---|---|---|---|---|---|---|---|---|---|---|---|---|---|---|---|---|
| Cummins College of Engineering for Women Pune | Cummins College of Engineering for Women Pune | 28/12/2005 | Technical Book Services | OTH | 297.50 | 2536/29.12.2005 | 1 | 330.2 | CCEP-BK-23087 | 24/01/2024 | 10/01/2024 | 52.5 | 350.00 | 29/12/2005 | Books | 023087 |